000 00320nam a22001337a 4500
082 _a001
_bEDI/Q
100 _aEDITH
100 _aBONHIVERT,ERNEST
245 _aQUESTIONS CHILDREN ASK
260 _aCHICAGO
_bSTANDARD EDUCATIONAL CORPORATION
_c1985
300 _a192
650 _aGENERAL KNOWLEDGE
_zCHICAGO
942 _cBK
999 _c2913
_d2913